| 000 | 00763nam a2200229Ia 4500 | ||
|---|---|---|---|
| 005 | 20251020182534.0 | ||
| 008 | 200515s9999 xx 000 0 und d | ||
| 082 | _a72.015:728(85)/I59/4 | ||
| 245 | 0 | _aPrevi: P-7 | |
| 260 | _aLima | ||
| 260 | _c1973 | ||
| 300 | _aPrevi | ||
| 500 | _a1 ejemplar | ||
| 520 | _aConcreto vaciado en sitio, utilizando encofrados de madera contra placada en secciones tipificadas, para muros. Los techos son aligerados de concreto armado en base a viguetas prefabricadas pretensadas y bloques huecos de concreto, constituyendo un sistem | ||
| 650 | _aCONCRETO VACIADO | ||
| 650 | _aLIB | ||
| 650 | _aPREVI | ||
| 650 | _aPUB ININVI | ||
| 650 | _aSISTEMAS CONSTRUCTIVOS | ||
| 650 | _aVIVIENDAS DE BAJO COSTO | ||
| 942 | _cLIB | ||
| 999 |
_c2189 _d2189 |
||